On becoming a person : (Record no. 29100)
[ view plain ]
| 000 -LEADER | |
|---|---|
| fixed length control field | 00650nam a22002177a 4500 |
| 001 - CONTROL NUMBER | |
| control field | 29100 |
| 003 - CONTROL NUMBER IDENTIFIER | |
| rucl marc code | BD-RjUL |
| 005 - DATE AND TIME OF LATEST TRANSACTION | |
| control field | 20211209051355.0 |
| 008 - FIXED-LENGTH DATA ELEMENTS--GENERAL INFORMATION | |
| fixed length control field | 140402s1961 enk||||| |||| 001 0 eng d |
| 035 ## - SYSTEM CONTROL NUMBER | |
| System control number | (BD-RjUL)29185 |
| 040 ## - CATALOGING SOURCE | |
| Original cataloging agency | BD-RjUL |
| Language of cataloging | eng |
| Transcribing agency | BD-RjUL |
| Modifying agency | BD-RjUL |
| 041 ## - LANGUAGE CODE | |
| Language code of text/sound track or separate title | eng |
| 082 04 - DEWEY DECIMAL CLASSIFICATION NUMBER | |
| Classification number | 158.3 |
| Author mark and year | ROO 1961 |
| 100 1# - MAIN ENTRY--PERSONAL NAME | |
| Personal name | Rogers, Carl R |
| 9 (RLIN) | 88248 |
| 245 10 - TITLE STATEMENT | |
| Title | On becoming a person : |
| Remainder of title | a therapist's view of psychotherapy / |
| Statement of responsibility, etc. | by Carl R Rogers |
| 260 ## - PUBLICATION, DISTRIBUTION, ETC. (IMPRINT) | |
| Place of publication, distribution, etc. | Boston : |
| Name of publisher, distributor, etc. | Houghton Mifflin Company, |
| Date of publication, distribution, etc. | ©1961. |
| 300 ## - PHYSICAL DESCRIPTION | |
| Pagination | xi, 420 p. ; |
| Size | 23 cm. |
| 504 ## - BIBLIOGRAPHY, ETC. NOTE | |
| Bibliography, etc | Include index |
| 650 #0 - SUBJECT ADDED ENTRY--TOPICAL TERM | |
| Topical term or geographic name as entry element | Client-centered psychotherapy. |
| 9 (RLIN) | 88249 |
| 942 ## - ADDED ENTRY ELEMENTS (KOHA) | |
| Source of classification or shelving scheme | Dewey Decimal Classification |
| Koha item type | Books |
| Lost status | Source of classification or shelving scheme | Damaged status | Not for loan | Collection code | Permanent Location | Current Location | Shelving location | Date acquired | Source of acquisition | Cost, normal purchase price | Total Checkouts | Full call number | Date last seen | Copy number | Koha item type |
|---|---|---|---|---|---|---|---|---|---|---|---|---|---|---|---|
| Dewey Decimal Classification | Non-fiction | Central Library, University of Rajshahi | Central Library, University of Rajshahi | 10/07/1964 | Zeitlinger | 37.00 | 158.3 ROO 1961 | 02/04/2014 | C-2 | Books |